[Event "IRI-ch U14"]
[Site "Chess.com INT"]
[Date "2021.01.16"]
[Round "1"]
[White "Eemen, Shaayaan"]
[Black "Vahedi, Arad"]
[Result "1-0"]
[WhiteElo "1942"]
[BlackElo "1152"]
[PlyCount "69"]
[EventDate "2021.01.16"]
[EventType "swiss"]
[EventRounds "11"]
[EventCountry "IRI"]
[SourceTitle "EXT 2022"]
[Source "ChessBase"]
[SourceDate "2021.10.06"]
[SourceVersion "1"]
[SourceVersionDate "2021.10.06"]
[SourceQuality "1"]

1. d4 Nf6 2. c4 e6 3. g3 d5 4. Bg2 Nbd7 5. Nf3 b6 6. Nc3 Bb4 7. 0-0 Bb7 8. Qa4 Bxc3 9. bxc3 0-0 10. Ba3 Re8 11. Nd2 c5 12. Rab1 cxd4 13. cxd4 Qc7 14. Rfc1 Qb8 15. c5 bxc5 16. dxc5 Rc8 17. c6 Nb6 18. Qb5 Bxc6 19. Rxc6 Rxc6 20. Qxc6 Qc8 21. Qxc8+ Rxc8 22. Rc1 Rxc1+ 23. Bxc1 Nfd7 24. Bb2 Nc5 25. Bd4 Nca4 26. e4 dxe4 27. Nxe4 Nc8 28. Bf1 Nab6 29. Bb5 Kf8 30. Bc5+ Kg8 31. a4 f5 32. Nc3 Na8 33. Bd7 Ncb6 34. Bxe6+ Kh8 35. a5 1-0